عرض عادي
عرض مارك
- الحرب النفسية
دخول Topical Term
001 - CONTROL NUMBER
- control field: 29335
003 - CONTROL NUMBER IDENTIFIER
- control field: AE-AdECS
005 - DATE AND TIME OF LATEST TRANSACTION
- control field: 20260427095151.0
008 - FIXED-LENGTH DATA ELEMENTS
- fixed length control field: 260427|| aca||aabn | a|a d
040 ## - CATALOGING SOURCE
- Original cataloging agency: AE-AdECS
- Transcribing agency: AE-AdECS
150 ## - HEADING--TOPICAL TERM
- Topical term or geographic name entry element: الحرب النفسية
- Geographic subdivision: إسرائيل
670 ## - SOURCE DATA FOUND
- Source citation: Work cat.: (AE-AdECS)294929: حسن، رانيا فوزي محمد، مؤلف. 29333, تطبيقات الذكاء الاصطناعي في الحروب الافتراضية الإسرائيلية /
